• 首页
  • 本馆介绍
  • 公告通知
  • 最新文献
  • 馆藏检索
  • 电子资源
  • 读者导购
  • 参考咨询
  • 我的图书馆
  • 登录
  • 详细信息显示
  • 放入我的书架
  • 预约/预借图书
  • 作者相关作品
  • 分类相关作品
  • 丛书相关作品
  • 出版社相关作品

书目信息

  • 表格格式
  • 工作单格式
  • 卡片格式
题名:
科学年鉴
    
 
作者: 诺尔特 主编
分册:  
出版信息: 北京   科学出版社  1983.9
页数: 264页
开本: 26cm
丛书名:
单 册:
中图分类: N54
科图分类:
主题词: 自然科学--年鉴 , 自然科学--年刊
电子资源:
ISBN:
000 00600nam0 2200217 45
001 0312221749
005 20041224112448.9
010    @dCNY2.10
091    @a13031.2355
100    @a20031222d1983 km y0chiy0120 ea
101    @achi@ceng
105    @a z 000yy
200 1  @a科学年鉴@AKe Xue Nian Jian@f(美)威廉H·诺尔特主编@F(Mei)Wei Lian H·Nuo Er Te Zhu Bian
210    @a北京@c科学出版社@d1983.9
215    @a264页@d26cm
606 0  @a自然科学@x年鉴
606 0  @a自然科学@x年刊
690    @aN54@v3
701 0  @a诺尔特@4主编
801    @aCN@bTSTCL@c20031222
905    @dN54@e120(1981)@f1@b94249
    
    科学年鉴/(美)威廉H·诺尔特主编.-北京:科学出版社,1983.9
    264页;26cm
    
    
    ISBN :CNY2.10
    
●
相关链接 在E读中查询图书 在五车中查询图书 在当当中查询图书 在豆瓣中查询图书


正题名:科学年鉴     索取号:N54/120(1981)         预约/预借

序号 登录号 条形码 馆藏地/架位号 状态 备注
1 0094249   001201540   第三借阅区/ [索取号:N54/120(1981)] 在馆    
2 0094251   202088631   第二样本阅览室/ [索取号:N54/120(1981)] 在馆    
唐山师范学院图书馆 欢迎您!
大连网信软件有限公司© 版权所有